| 000 | 00844nas a2200277 4500 | ||
|---|---|---|---|
| 001 | BR8707254 | ||
| 003 | BR-BrBNA | ||
| 005 | 20231205090915.0 | ||
| 007 | ta | ||
| 008 | 230509b bl.|||p| |||| 00| 00por d | ||
| 040 |
_aBR-BrBNA _bpor _cBiblioteca Nacional de Agricultura |
||
| 041 | _a(Pt) | ||
| 072 | _aP32 | ||
| 100 | 1 | _aClemente, C.A. | |
| 100 | 1 | _aAbrahao, I.O. | |
| 100 | 1 | _aMarcon, A. | |
| 100 | 1 | _aLrandi, R. | |
| 245 | 1 | _aLatossolos da bacia do Ribeirao do Lobo (Brotas - Itirapina, Sao Paulo): 2: mineralogia | |
| 650 | _aLATOSSOLO | ||
| 650 | _aPERFIL DO SOLO | ||
| 650 | _aMINERALOGIA | ||
| 650 | _aSAO PAULO | ||
| 773 | 0 |
_tAnais da Escola Superior de Agricultura Luiz de Queiroz (Brazil) _xISSN 0071-1276 _g(1986), v. 43(2) p. 735-749 _wBR8707254 |
|
| 909 |
_a202311 _bLúcia _c55 _dLúcia Elande |
||
| 942 |
_2AGRIS _n0 _cANA |
||
| 999 |
_c121572 _d121572 |
||